期刊信息 |
| 索取号 |
R15-4/1
|
| 题名 |
科学生活
|
| 作者 |
李乔, 上海市科学技术协会主编
|
| 分册号 |
|
| 分册名 |
|
| 出版地 |
上海
|
| 出版者 |
该刊编辑部
|
| 标准刊号 |
1006-3501
|
| 出版频率 |
月刊
|
| 中图法分类 |
N49
|
| 主题词 |
营养卫生; 食品卫生; 饮食卫生; 食品卫生学
|
| 电子资源 | |
| |
|
| 000 | 01242nas0 2200373 450 | |
| 001 | 2020567 | |
| 005 | 20100312155805.59 | |
| 011 | @a1006-3501@dCNY15.00 | |
| 091 | @aCN@b31-1020 | |
| 092 | @aCN@b4-314 | |
| 100 | @a19961225a19809999me y0chiy0121 eb | |
| 101 | 0 | @achi |
| 102 | @aCN@b310000 | |
| 110 | @aafaz 0yy0 | |
| 200 | 1 | @a科学生活@e上海市重点科普期刊@EShang Hai Shi Zhong Dian Ke Pu Qi Kan@dScience-life@zeng@f李乔, 上海市科学技术协会主编@AKe Xue Sheng Huo |
| 207 | 0 | @a试刊:1980,no.1(1980)=[总1]@a1980,no.2(1980)~1981,no.2(1981)=[总2~6]@a1981,no.3(1981,5,20)~=总7~ |
| 210 | @a上海@b上海市南昌路47号(邮码200020)@c该刊编辑部@d1980~ | |
| 215 | @d26cm | |
| 326 | @a月刊@b1986~ | |
| 327 | 0 | @a本刊特稿@a热门话题@a睁眼看上海@a世纪交汇@a谈天说地@a五花八门@a生活中的科学@a跟我做@a健康顾问@a知趣集萃 |
| 510 | 1 | @aScience-life@zeng |
| 606 | 0 | @a营养卫生 |
| 606 | 0 | @a食品卫生 |
| 606 | 0 | @a饮食卫生 |
| 606 | 0 | @a食品卫生学 |
| 610 | 0 | @a科学@Ake xue@a生活 |
| 676 | @a508@v19 | |
| 676 | @a640@v19 | |
| 690 | @aN49@v3 | |
| 690 | @aR15-4@v4 | |
| 701 | 0 | @a李乔@ALi Qiao@4主编 |
| 711 | 02 | @a上海市科学技术协会@AShang Hai Shi Ke Xue Ji Shu Xie Hui@4主办 |
| 801 | 0 | @aCN@bHTHJ@c20100312 |
| 905 | @dR15-4@e1 | |
| 科学生活:上海市重点科普期刊=Science-life/李乔, 上海市科学技术协会主编.-试刊:1980,no.1(1980)=[总1];1980,no.2(1980)~1981,no.2(1981)=[总2~6];1981,no.3(1981,5,20)~=总7~.-上海(上海市南昌路47号(邮码200020)):该刊编辑部,1980~ |
| 26cm |
| 部分内容:本刊特稿;热门话题;睁眼看上海;世纪交汇;谈天说地;五花八门;生活中的科学;跟我做;健康顾问;知趣集萃 |
| ISSN 1006-3501:CNY15.00 |
| ● |
| 相关链接: |
|
|
|